| 000 | 00555 a2200169 4500 | ||
|---|---|---|---|
| 020 | _a0071127569 (hardcover) | ||
| 020 | _a9780071127561 (hardcover) | ||
| 090 |
_c4397 _d4397 |
||
| 100 | 1 | _aEisenberg, Anne. | |
| 245 | 1 | 0 |
_aEffective technical communication / _cAnne Eisenberg. |
| 250 | _aInternat.2r.e. ed. | ||
| 260 |
_a[S.l.] : _bMcGraw-Hill Education (ISE Editions), _c1993. |
||
| 300 | _a416 p. | ||
| 500 | _aImport. | ||
| 856 | 4 | 0 |
_3Amazon.com _uhttp://www.amazon.com/exec/obidos/ASIN/0071127569/chopaconline-20 |
| 942 |
_aNBS _cBK _k808.0666021 EIS |
||
| 999 |
_c346842 _d346842 |
||